[Event "Bronshoj Lang Weekend 2012"]
[Site "Bronshoj"]
[Date "2012.02.12"]
[Round "5"]
[White "Frisk, Hans"]
[Black "Christiansen, Johan Sebastian"]
[Result "1/2-1/2"]
[WhiteElo "2058"]
[BlackElo "1967"]
[PlyCount "51"]
[EventDate "2012.??.??"]
[EventCountry "DEN"]

1. d4 Nf6 2. c4 c5 3. d5 b5 4. cxb5 a6 5. bxa6 g6 6. Nc3 Bxa6 7. g3 d6 8. Bg2
Bg7 9. Nf3 Nbd7 10. Rb1 Nb6 11. b3 Bb7 12. Nh4 O-O 13. O-O Ne8 14. Bb2 Nc7 15.
e4 Ba6 16. Re1 Nd7 17. f4 Rb8 18. Nf3 c4 19. Nd4 Bxd4+ 20. Qxd4 cxb3 21. axb3
Rxb3 22. Ba1 Rxb1 23. Rxb1 f6 24. Bf1 Qa8 25. Bh3 Nc5 26. Bf1 1/2-1/2

[Event "Bronshoj Lang Weekend 2012"]
[Site "Bronshoj"]
[Date "2012.02.12"]
[Round "5"]
[White "Jensen, Simon Stibolt"]
[Black "Andersen, Daniel"]
[Result "0-1"]
[WhiteElo "1423"]
[BlackElo "1823"]
[PlyCount "59"]
[EventDate "2012.??.??"]
[EventCountry "DEN"]

1. e4 e6 2. d4 d5 3. exd5 exd5 4. Bd3 Nc6 5. c3 Bd6 6. Nf3 Bg4 7. O-O Qd7 8.
Re1+ Nge7 9. Bg5 f6 10. Bh4 g5 11. Bg3 O-O-O 12. Bxd6 Qxd6 13. Nbd2 Ng6 14. Qc2
Nce7 15. Re3 Nf4 16. Rae1 Nxd3 17. Qxd3 Bf5 18. Qb5 a6 19. Qa4 Ng6 20. Re8 Bd7
21. Rxd8+ Rxd8 22. Qc2 g4 23. Nh4 Nxh4 24. Qxh7 Nf5 25. Qg6 Qf4 26. Nb3 Nd6 27.
Nc5 Qd2 28. Rf1 f5 29. Nxd7 Kxd7 30. Qg7+ 0-1

[Event "Bronshoj Lang Weekend 2012"]
[Site "Bronshoj"]
[Date "2012.02.12"]
[Round "5"]
[White "Jorgensen, Mikkel"]
[Black "Rimestad, Arild"]
[Result "0-1"]
[WhiteElo "1712"]
[BlackElo "1905"]
[PlyCount "92"]
[EventDate "2012.??.??"]
[EventCountry "DEN"]

1. d4 f5 2. g4 d5 3. Nc3 Nf6 4. gxf5 Bxf5 5. Nf3 c6 6. Bf4 e6 7. e3 Bd6 8. Bxd6
Qxd6 9. a3 Nbd7 10. h3 h6 11. Nh4 g5 12. Nxf5 exf5 13. Qf3 Qe6 14. O-O-O O-O-O
15. b4 g4 16. Qe2 Rde8 17. Re1 h5 18. Bg2 Ne4 19. Nxe4 dxe4 20. c4 Nb6 21. Bf1
f4 22. Qc2 f3 23. c5 Nd5 24. hxg4 hxg4 25. Bc4 Rh3 26. b5 g3 27. fxg3 Rxg3 28.
bxc6 Qxc6 29. Rh2 Nf6 30. Rh6 Rf8 31. Reh1 Rg2 32. Qd1 Qc7 33. Qa4 Kb8 34. Rh8
Qg7 35. Rxf8+ Qxf8 36. c6 f2 37. Rd1 Ng4 38. Qb3 b6 39. d5 Qc5 40. d6 Rg1 41.
c7+ Kb7 42. Kb2 Rxd1 43. Ba6+ Kxa6 44. Qa4+ Kb7 45. Qxe4+ Rd5 46. d7 Kxc7 0-1

[Event "Bronshoj Lang Weekend 2012"]
[Site "Bronshoj"]
[Date "2012.02.12"]
[Round "5"]
[White "Nielsen, Klaus"]
[Black "Zachariassen, Bjarne"]
[Result "1-0"]
[WhiteElo "2038"]
[BlackElo "1948"]
[PlyCount "63"]
[EventDate "2012.??.??"]
[EventCountry "DEN"]

1. d4 Nf6 2. Nf3 d6 3. Nc3 Bg4 4. e4 e6 5. Be3 Be7 6. h3 Bh5 7. Bd3 c6 8. a4
Qc7 9. g4 Bg6 10. Bf4 a5 11. Qe2 Na6 12. h4 h5 13. g5 Ng4 14. Bg3 Qb6 15. O-O-O
Nb4 16. Bc4 d5 17. Bb3 dxe4 18. Nxe4 O-O-O 19. Nc5 e5 20. Nxe5 Nxe5 21. Qxe5
Bd6 22. Qxg7 Rhg8 23. Qf6 Bxg3 24. fxg3 Nd5 25. Qf2 Rge8 26. Rhe1 Qb4 27. Bxd5
cxd5 28. Qd2 Qxd2+ 29. Kxd2 b6 30. Nd3 Re4 31. c3 Rg4 32. Re3 1-0

[Event "Bronshoj Lang Weekend 2012"]
[Site "Bronshoj"]
[Date "2012.02.12"]
[Round "5"]
[White "Nielsen, Steen Gregers"]
[Black "Petersen, Steen Brustrup"]
[Result "1/2-1/2"]
[WhiteElo "1688"]
[BlackElo "2111"]
[PlyCount "25"]
[EventDate "2012.??.??"]
[EventCountry "DEN"]

1. e4 c5 2. c3 g6 3. d4 cxd4 4. cxd4 d5 5. exd5 Nf6 6. Bb5+ Bd7 7. Bc4 Bg7 8.
Nf3 O-O 9. O-O b5 10. Bb3 Bf5 11. Ne5 Bxb1 12. Rxb1 Qd6 13. Qf3 1/2-1/2

[Event "Bronshoj Lang Weekend 2012"]
[Site "Bronshoj"]
[Date "2012.02.12"]
[Round "5"]
[White "Nielsen, Thomas (1994)"]
[Black "Moller, Arne Vagn"]
[Result "0-1"]
[WhiteElo "1453"]
[BlackElo "1767"]
[PlyCount "84"]
[EventDate "2012.??.??"]
[EventCountry "DEN"]

1. d4 Nf6 2. c4 e6 3. Nc3 Bb4 4. Bg5 h6 5. Bh4 g5 6. Bg3 Ne4 7. Qd3 Nxg3 8.
Qxg3 Bd6 9. Qd3 b6 10. e4 Bb7 11. Be2 Nc6 12. a3 a6 13. Bf3 e5 14. d5 Nd4 15.
Bh5 Qf6 16. Nce2 Bc5 17. b4 Nxe2 18. Qxe2 Bd4 19. Ra2 Bc3+ 20. Kf1 a5 21. bxa5
Rxa5 22. Qf3 Qxf3 23. Bxf3 Ke7 24. Ne2 Ba6 25. g3 Bxc4 26. Rc2 Bxe2+ 27. Bxe2
Rxa3 28. Kg2 b5 29. Bxb5 Rb8 30. Rhc1 Rxb5 31. Rxc3 Rxc3 32. Rxc3 Rb7 33. Kf3
c6 34. dxc6 Rc7 35. Kg4 Rxc6 36. Rf3 Rc4 37. Kf5 f6 38. Rd3 Rc2 39. Rf3 Re2 40.
h3 Kf7 41. Kg4 Kg6 42. h4 h5+ 0-1

[Event "Bronshoj Lang Weekend 2012"]
[Site "Bronshoj"]
[Date "2012.02.12"]
[Round "5"]
[White "Ohayv, Nikolaj"]
[Black "Tandrup, Michael"]
[Result "1/2-1/2"]
[WhiteElo "1799"]
[BlackElo "1914"]
[PlyCount "88"]
[EventDate "2012.??.??"]
[EventCountry "DEN"]

1. e4 d5 2. exd5 Qxd5 3. Nc3 Qa5 4. d4 Nf6 5. Nf3 Bg4 6. Bd3 c6 7. Bd2 Qc7 8.
h3 Bxf3 9. Qxf3 e6 10. O-O Nbd7 11. Rfe1 Be7 12. Ne4 Nxe4 13. Bxe4 Nf6 14. Bd3
Rd8 15. c3 O-O 16. Rad1 c5 17. dxc5 Bxc5 18. Bg5 Be7 19. Bc2 Qb6 20. Bxf6 Bxf6
21. Bb3 a5 22. Qe4 Qa6 23. h4 Qb5 24. g3 g6 25. Kg2 h5 26. Rxd8 Rxd8 27. Bxe6
fxe6 28. Qxg6+ Bg7 29. Qxe6+ Kh8 30. Qe7 Rf8 31. Qe2 Qf5 32. Rd1 b5 33. a3 Bf6
34. Rd3 Kg7 35. Qd2 Be7 36. Rd5 Qe4+ 37. Kg1 b4 38. Rxh5 bxc3 39. Qxc3+ Bf6 40.
Qd2 Bd4 41. Qg5+ Qg6 42. Qxg6+ Kxg6 43. Rg5+ Kh6 44. Rxa5 Rxf2 1/2-1/2

[Event "Bronshoj Lang Weekend 2012"]
[Site "Bronshoj"]
[Date "2012.02.12"]
[Round "5"]
[White "Pedersen, Henrik Bolding"]
[Black "Rhee, Alexander Kasper"]
[Result "1/2-1/2"]
[WhiteElo "2068"]
[BlackElo "2149"]
[PlyCount "101"]
[EventDate "2012.??.??"]
[EventCountry "DEN"]

1. e4 c5 2. c3 Qa5 3. Nf3 Nc6 4. d3 Nf6 5. Bg5 g6 6. Nbd2 d6 7. Nc4 Qd8 8. Bxf6
exf6 9. d4 d5 10. exd5 Qxd5 11. Ne3 Qd8 12. Bb5 cxd4 13. Nxd4 Bd7 14. Qa4 Rc8
15. Nxc6 bxc6 16. Bc4 Bc5 17. Bxf7+ Kf8 18. Bb3 Qe7 19. O-O Kg7 20. Rfe1 Rhe8
21. Qc4 Qf8 22. Nc2 Rxe1+ 23. Rxe1 Re8 24. Rxe8 Bxe8 25. Qe6 Qe7 26. Nd4 Qd7
27. Qxd7+ Bxd7 28. Ba4 Bxd4 29. cxd4 Be6 30. Bxc6 Bxa2 31. Kf1 Kf8 32. Ke2 Ke7
33. Kd3 Kd6 34. Bb7 g5 35. Kc3 Be6 36. Kb4 h5 37. Kc3 h4 38. Kd3 Ba2 39. Ke3
Bb3 40. g3 Be6 41. gxh4 gxh4 42. Ba6 Kd5 43. b3 Kd6 44. Bc4 Bh3 45. Ke4 a5 46.
Ke3 Bf5 47. Kf4 Bh3 48. Ke3 Bf5 49. Kf4 Bh3 50. Ke4 Bd7 51. Ke3 1/2-1/2

[Event "Bronshoj Lang Weekend 2012"]
[Site "Bronshoj"]
[Date "2012.02.12"]
[Round "5"]
[White "Rostgaard, Tobias Valentin"]
[Black "Nohr, Finn"]
[Result "1-0"]
[WhiteElo "2189"]
[BlackElo "2081"]
[PlyCount "45"]
[EventDate "2012.??.??"]
[EventCountry "DEN"]

1. d4 d5 2. c4 c6 3. Nf3 Nf6 4. Qb3 dxc4 5. Qxc4 b5 6. Qc2 Bb7 7. e4 e6 8. Bd3
Nbd7 9. Bg5 h6 10. Bxf6 Nxf6 11. Nbd2 Be7 12. O-O Rc8 13. a4 a6 14. Nb3 Qb6 15.
Nc5 Bxc5 16. dxc5 Qc7 17. b4 Qf4 18. Rfe1 e5 19. Qc3 Nd7 20. Bc2 O-O 21. Rad1
Rc7 22. Rd6 f6 23. Bb3+ 1-0

[Event "Bronshoj Lang Weekend 2012"]
[Site "Bronshoj"]
[Date "2012.02.12"]
[Round "5"]
[White "Rydstrom, Tom"]
[Black "Kirknel, Thomas"]
[Result "1/2-1/2"]
[WhiteElo "1951"]
[BlackElo "2135"]
[PlyCount "72"]
[EventDate "2012.??.??"]
[EventCountry "DEN"]

1. e4 c5 2. Nf3 Nc6 3. d4 cxd4 4. Nxd4 g6 5. Nc3 Bg7 6. Be3 Nf6 7. Nxc6 bxc6 8.
e5 Ng8 9. f4 f6 10. exf6 Nxf6 11. Be2 O-O 12. O-O Rb8 13. Rb1 Qc7 14. Qe1 d6
15. Qh4 Bf5 16. Bd3 Bxd3 17. cxd3 Rb4 18. a3 Rb7 19. f5 gxf5 20. Rxf5 Qc8 21.
Rg5 e5 22. Rf1 Nd5 23. Rxf8+ Qxf8 24. Nxd5 cxd5 25. Qg4 Rxb2 26. Qe6+ Kh8 27.
Rf5 Rb1+ 28. Kf2 Qd8 29. Bg5 Rb2+ 30. Kg3 Qg8 31. Qd7 e4 32. Rf7 h6 33. Qf5
hxg5 34. Qh3+ Qh7 35. Qc8+ Qg8 36. Qh3+ Qh7 1/2-1/2

[Event "Bronshoj Lang Weekend 2012"]
[Site "Bronshoj"]
[Date "2012.02.12"]
[Round "5"]
[White "Strange, Mikkel"]
[Black "Stojanovski, Sandi"]
[Result "1/2-1/2"]
[WhiteElo "2314"]
[BlackElo "2179"]
[PlyCount "91"]
[EventDate "2012.??.??"]
[EventCountry "DEN"]

1. e4 c5 2. c3 d5 3. exd5 Qxd5 4. d4 e6 5. Nf3 Nf6 6. Na3 Qd8 7. Bb5+ Bd7 8.
Qa4 cxd4 9. Nxd4 Be7 10. Bf4 O-O 11. O-O Na6 12. Rfd1 Nc5 13. Qc2 Nd5 14. Bg3
Bxb5 15. Ndxb5 Qb6 16. b4 Nd7 17. Nc7 Nxc7 18. Rxd7 Nd5 19. Rd1 Rfe8 20. Nc4
Qc6 21. Ne5 Qxc3 22. Qxc3 Nxc3 23. R1d3 Nxa2 24. Rxb7 Nxb4 25. Rdd7 Nd5 26. h4
Rac8 27. Rxa7 f6 28. Nf3 Rcd8 29. Nd4 Rxd7 30. Rxd7 Kf7 31. Nc6 Rc8 32. Nxe7
Nxe7 33. Bd6 Re8 34. f4 h5 35. Kf2 g6 36. Kf3 e5 37. fxe5 fxe5 38. Ke4 Ke6 39.
Rxe7+ Rxe7 40. Bxe7 Kxe7 41. Kxe5 Kf7 42. Ke4 Ke6 43. Kf4 Kf6 44. g3 g5+ 45.
hxg5+ Kg6 46. Ke3 1/2-1/2

[Event "Bronshoj Lang Weekend 2012"]
[Site "Bronshoj"]
[Date "2012.02.12"]
[Round "5"]
[White "Willerup, Martin Kisby"]
[Black "Borbjerggaard, Lars"]
[Result "1/2-1/2"]
[WhiteElo "1976"]
[BlackElo "2305"]
[PlyCount "84"]
[EventDate "2012.??.??"]
[EventCountry "DEN"]

1. d4 Nf6 2. c4 g6 3. Nc3 Bg7 4. e4 d6 5. Nf3 O-O 6. Be2 e5 7. O-O exd4 8. Nxd4
Re8 9. f3 Nc6 10. Be3 Nh5 11. Qd2 Nxd4 12. Bxd4 Nf4 13. Be3 Ne6 14. Rad1 b6 15.
b4 Bb7 16. Qc1 a5 17. a3 axb4 18. axb4 Qh4 19. Nd5 Ra2 20. Rf2 Rea8 21. g3 Qd8
22. Nc3 R2a3 23. Nb5 Ra1 24. Qd2 R8a2 25. Qe1 Ng5 26. Kg2 Qe7 27. Rxa1 Rxa1 28.
Qd2 Ne6 29. Nc3 Qf6 30. Nd5 Qe5 31. Rf1 Rxf1 32. Bxf1 Qb2 33. Qxb2 Bxb2 34. Kf2
Kf8 35. Bh3 Bxd5 36. exd5 Nd4 37. Bxd4 Bxd4+ 38. Kg2 f5 39. f4 Ke7 40. b5 Kf6
41. Kf3 g5 42. Bf1 g4+ 1/2-1/2

[Event "Bronshoj Lang Weekend 2012"]
[Site "Bronshoj"]
[Date "2012.02.13"]
[Round "6"]
[White "Borbjerggaard, Lars"]
[Black "Jacobsen, Mads Holger Bang"]
[Result "1-0"]
[WhiteElo "2305"]
[BlackElo "1999"]
[PlyCount "63"]
[EventDate "2012.??.??"]
[EventCountry "DEN"]

1. d4 d5 2. c4 c6 3. Nf3 Nf6 4. e3 a6 5. Qc2 e6 6. b3 Bd6 7. Nbd2 Nbd7 8. Be2
O-O 9. Bb2 Re8 10. Ne5 Nf8 11. O-O-O Qe7 12. Kb1 Bc7 13. g4 N6d7 14. f4 f6 15.
Nd3 Bb8 16. Bf3 dxc4 17. Nxc4 Qd8 18. Rhg1 Nb6 19. Nxb6 Qxb6 20. g5 f5 21. h4
Bd7 22. Qc3 Re7 23. h5 Bc7 24. h6 Ng6 25. Ba3 Rf7 26. Bh5 Be8 27. Rd2 Rd8 28.
Bxg6 hxg6 29. Rh1 Bd6 30. Bxd6 Rxd6 31. Ne5 Re7 32. Rdh2 1-0

[Event "Bronshoj Lang Weekend 2012"]
[Site "Bronshoj"]
[Date "2012.02.13"]
[Round "6"]
[White "Christensen, Esben"]
[Black "Petersen, Steen Brustrup"]
[Result "1/2-1/2"]
[WhiteElo "1996"]
[BlackElo "2111"]
[PlyCount "84"]
[EventDate "2012.??.??"]
[EventCountry "DEN"]

1. e4 g6 2. d4 Bg7 3. Nf3 d6 4. Bc4 Nf6 5. Qe2 O-O 6. O-O c6 7. a4 Nxe4 8. Qxe4
d5 9. Qe2 dxc4 10. Qxc4 Bg4 11. Ne5 Be6 12. Qb4 b6 13. Bf4 c5 14. dxc5 Na6 15.
Qd2 Nxc5 16. Rd1 Qe8 17. a5 g5 18. Bg3 Ne4 19. Qe3 Nxg3 20. hxg3 Qb5 21. Nd3 h6
22. axb6 Qxb6 23. Qxb6 axb6 24. Na3 Rfc8 25. c3 Bb3 26. Re1 e6 27. Ne5 Ra5 28.
Nf3 Rd8 29. Re4 Bf8 30. Nd4 Bd5 31. Ree1 Rda8 32. Ndc2 Rc8 33. Rac1 Kg7 34.
Rcd1 Ra4 35. Rd2 Ra5 36. Rd4 Bc5 37. Rxd5 exd5 38. b4 Rxa3 39. Nxa3 Bf8 40. Nb5
Kf6 41. Re3 Rc4 42. Kf1 Rc8 1/2-1/2

[Event "Bronshoj Lang Weekend 2012"]
[Site "Bronshoj"]
[Date "2012.02.13"]
[Round "6"]
[White "Hansen, Rasmus Agertoft"]
[Black "Christiansen, Johan Sebastian"]
[Result "1-0"]
[WhiteElo "1818"]
[BlackElo "1967"]
[PlyCount "107"]
[EventDate "2012.??.??"]
[EventCountry "DEN"]

1. e4 e5 2. Nf3 Nc6 3. Bb5 f5 4. d3 fxe4 5. dxe4 Nf6 6. O-O Bc5 7. Bc4 Qe7 8.
Bg5 d6 9. Nc3 Be6 10. Nd5 Bxd5 11. Bxd5 h6 12. Bxf6 Qxf6 13. c3 Ne7 14. Bxb7
Rb8 15. Qa4+ Kf7 16. Qa6 h5 17. b4 Bb6 18. a4 h4 19. Ne1 h3 20. g3 c5 21. a5
Bc7 22. bxc5 dxc5 23. Qxf6+ gxf6 24. a6 f5 25. Nc2 fxe4 26. Rfe1 Nf5 27. Bxe4
Nd6 28. Bd5+ Kf6 29. Ne3 Nb5 30. Bc4 Bd6 31. Red1 Bf8 32. Bxb5 Rxb5 33. Rd7 Bh6
34. c4 Rb2 35. Nd5+ Kf5 36. Rxa7 Rhb8 37. Rf7+ Ke4 38. Rd1 Rd2 39. Re1+ Kd3 40.
a7 Rd8 41. Nb6 Ra2 42. Kf1 Bd2 43. Rd1 Kc3 44. a8=Q Rdxa8 45. Nxa8 Rxa8 46.
Rf3+ Kc2 47. Ke2 Bc3 48. g4 Ra4 49. Rdd3 Bd4 50. Rd2+ Kc1 51. g5 Ra6 52. Rg3
Bxf2 53. Rf3 Be1 54. Rf1 1-0

[Event "Bronshoj Lang Weekend 2012"]
[Site "Bronshoj"]
[Date "2012.02.13"]
[Round "6"]
[White "Haubro, Sigfred"]
[Black "Willerup, Martin Kisby"]
[Result "1/2-1/2"]
[WhiteElo "2105"]
[BlackElo "1976"]
[PlyCount "124"]
[EventDate "2012.??.??"]
[EventCountry "DEN"]

1. c4 e6 2. Nf3 d5 3. g3 Nf6 4. Bg2 c6 5. O-O Be7 6. Qc2 O-O 7. d4 Nbd7 8. b3
Ne4 9. Bb2 f5 10. Nc3 Ndf6 11. Ne5 Bd7 12. Rad1 Qe8 13. Nxe4 fxe4 14. f3 exf3
15. exf3 Rd8 16. c5 Bc8 17. b4 Nd7 18. Nxd7 Bxd7 19. Bc1 Qh5 20. Bf4 Qf5 21.
Qe2 Rde8 22. Rfe1 Bd8 23. a3 Kh8 24. Qd2 Bf6 25. Be5 Kg8 26. Re2 Bxe5 27. Rxe5
Qf6 28. Rde1 Rf7 29. f4 Rfe7 30. Qe3 Kf8 31. a4 a6 32. h3 Qf7 33. Kh2 Qf6 34.
Bf3 Qf7 35. Re2 Qf6 36. Rg2 Qf7 37. Bh5 g6 38. Bf3 Qf6 39. Re2 Qf7 40. h4 Qf6
41. Bg4 Qf7 42. h5 Qf6 43. Kg2 Qf7 44. Re1 Qf6 45. Rh1 Rg7 46. h6 Rf7 47. Re1
Rfe7 48. Bf3 Qf7 49. g4 Qf6 50. g5 Qf7 51. Kg3 Kg8 52. Bg4 Kf8 53. Kh4 Bc8 54.
b5 axb5 55. axb5 Bd7 56. bxc6 bxc6 57. Rb1 Bc8 58. Rb6 Bd7 59. Ra6 Kg8 60. Ra7
Bc8 61. Ra8 Bd7 62. Rxe8+ Rxe8 1/2-1/2

[Event "Bronshoj Lang Weekend 2012"]
[Site "Bronshoj"]
[Date "2012.02.13"]
[Round "6"]
[White "Jorgensen, Mikkel"]
[Black "Ananthan, Arunn"]
[Result "1/2-1/2"]
[WhiteElo "1712"]
[BlackElo "1586"]
[PlyCount "159"]
[EventDate "2012.??.??"]
[EventCountry "DEN"]

1. d4 d5 2. e4 c5 3. dxc5 d4 4. Nf3 Nc6 5. Bd3 e5 6. O-O Nf6 7. Nbd2 Bxc5 8. a3
O-O 9. b4 Bd6 10. Nc4 Re8 11. Bg5 h6 12. Bd2 a6 13. Re1 Bg4 14. Nxd6 Qxd6 15.
h3 Bh5 16. g4 Nxg4 17. hxg4 Bxg4 18. Bf1 Qf6 19. Bg2 d3 20. cxd3 Nd4 21. Re3
Rac8 22. Rc1 Rxc1 23. Bxc1 Rc8 24. Bb2 Nc2 25. Qd2 Nxe3 26. Qxe3 Bxf3 27. Bxf3
Rc2 28. Bc1 Qg5+ 29. Qxg5 hxg5 30. Bxg5 Rc3 31. Be7 Rxd3 32. Be2 Rxa3 33. Bc4
Ra1+ 34. Kg2 a5 35. bxa5 Rxa5 36. Bd5 b5 37. Bd6 b4 38. Bxb4 Ra6 39. Bc3 Rg6+
40. Kf3 Rg5 41. Bd2 Rg6 42. Bc3 Rg5 43. Bd2 Rh5 44. Kg2 Kf8 45. Bb4+ Ke8 46.
Bc6+ Kd8 47. Bd5 f6 48. Bd2 g5 49. Be6 Ke7 50. Bf5 Rh8 51. Bb4+ Kf7 52. Bc5 Ra8
53. Be3 Ra6 54. Kg3 Kg7 55. Bc5 Ra1 56. f3 Kh6 57. Bf8+ Kh5 58. Bg4+ Kg6 59.
Bf5+ Kf7 60. Bc5 Rc1 61. Bf2 Ke7 62. Be3 Rc2 63. Bf2 Kd6 64. Be3 Kc6 65. Be6
Kd6 66. Bf5 Ke7 67. Bf2 Kf7 68. Bb6 Kg7 69. Bd8 Rc1 70. Kg2 Rd1 71. Be7 Ra1 72.
Bc5 Rc1 73. Be7 Kf7 74. Bb4 Rc4 75. Bd6 Ra4 76. Bc5 Ra8 77. Kg3 Kg7 78. Be7 Rh8
79. Bc5 Rh1 80. Kg2 1/2-1/2

[Event "Bronshoj Lang Weekend 2012"]
[Site "Bronshoj"]
[Date "2012.02.13"]
[Round "6"]
[White "Kirknel, Thomas"]
[Black "Nielsen, Klaus"]
[Result "1-0"]
[WhiteElo "2135"]
[BlackElo "2038"]
[PlyCount "81"]
[EventDate "2012.??.??"]
[EventCountry "DEN"]

1. e4 c5 2. Nf3 Nc6 3. d4 cxd4 4. Nxd4 g6 5. c4 Bg7 6. Be3 d6 7. Be2 Nf6 8. Nc3
O-O 9. O-O Bd7 10. f3 a5 11. Rc1 Nxd4 12. Bxd4 Bh6 13. Rc2 e5 14. Bf2 Bc6 15.
Qd3 Qe7 16. Rd1 Rfd8 17. Bb6 Rd7 18. Nd5 Bxd5 19. cxd5 Nh5 20. Qa3 Qf6 21. Bb5
Re7 22. Rd3 Qh4 23. Bf2 Qg5 24. Qxd6 Nf4 25. Be3 Bf8 26. Qb6 f5 27. d6 Rg7 28.
d7 Rd8 29. Qxb7 Qh4 30. g3 Nh3+ 31. Kg2 Qh5 32. Qd5+ Kh8 33. Qxe5 Ng5 34. Bd4
fxe4 35. fxe4 Qh3+ 36. Kg1 Qg4 37. Rc8 Nh3+ 38. Kg2 Qe2+ 39. Kxh3 h5 40. Rxd8
Qf1+ 41. Kh4 1-0

[Event "Bronshoj Lang Weekend 2012"]
[Site "Bronshoj"]
[Date "2012.02.13"]
[Round "6"]
[White "Mikkelsen, Nikolaj"]
[Black "Carstensen, Jacob"]
[Result "1-0"]
[WhiteElo "2402"]
[BlackElo "2278"]
[PlyCount "49"]
[EventDate "2012.??.??"]
[EventCountry "DEN"]

1. e4 e6 2. d3 d5 3. Qe2 Nf6 4. Nf3 Be7 5. g3 c5 6. Bg2 Nc6 7. O-O O-O 8. e5
Nd7 9. c4 d4 10. h4 Rb8 11. Bf4 b5 12. b3 bxc4 13. dxc4 Qc7 14. Nbd2 Rd8 15.
Rad1 Nf8 16. h5 d3 17. Qe3 Nb4 18. Ne4 Nxa2 19. Nf6+ Kh8 20. Ng5 gxf6 21. exf6
Bd6 22. Bxd6 Rxd6 23. Ne4 e5 24. Qh6 Ne6 25. Ng5 1-0

[Event "Bronshoj Lang Weekend 2012"]
[Site "Bronshoj"]
[Date "2012.02.13"]
[Round "6"]
[White "Moller, Arne Vagn"]
[Black "Tandrup, Michael"]
[Result "1-0"]
[WhiteElo "1767"]
[BlackElo "1914"]
[PlyCount "73"]
[EventDate "2012.??.??"]
[EventCountry "DEN"]

1. e4 c5 2. b3 Nc6 3. Bb2 e5 4. Nf3 d6 5. d3 Bg4 6. Be2 Nge7 7. O-O Ng6 8. h3
Bxf3 9. Bxf3 Nf4 10. Kh2 Nd4 11. Bxd4 cxd4 12. g3 Ne6 13. a4 Rc8 14. Na3 a6 15.
Bg4 Be7 16. Bxe6 fxe6 17. Qg4 O-O 18. Qxe6+ Kh8 19. Nc4 b5 20. axb5 Rf6 21. Qd5
Rc5 22. Qb7 Rc7 23. Qxa6 d5 24. b6 Qf8 25. Kg2 dxc4 26. Qb5 Rc5 27. Qd7 Rd6 28.
Qb7 Rc8 29. Ra7 Bf6 30. Rfa1 Rdd8 31. bxc4 Rb8 32. Qa6 Qd6 33. Rb1 Be7 34. Rb5
Bf8 35. c5 Qe6 36. Qa5 Rdc8 37. b7 1-0

[Event "Bronshoj Lang Weekend 2012"]
[Site "Bronshoj"]
[Date "2012.02.13"]
[Round "6"]
[White "Nguyen, Giang Thu"]
[Black "Andersen, Soren Mikkel"]
[Result "1-0"]
[WhiteElo "2118"]
[BlackElo "2021"]
[PlyCount "133"]
[EventDate "2012.??.??"]
[EventCountry "DEN"]

1. e4 c5 2. c3 Nf6 3. e5 Nd5 4. Nf3 Nc6 5. Bc4 Nb6 6. Bb3 c4 7. Bc2 d5 8. exd6
e5 9. d4 cxd3 10. Qxd3 Qxd6 11. Qe2 Be6 12. Nbd2 Be7 13. O-O O-O 14. Ne4 Qc7
15. Neg5 g6 16. Nxe6 fxe6 17. Ng5 Bxg5 18. Bxg5 Nd5 19. Qg4 Rae8 20. Rad1 Qc8
21. Rfe1 Rf7 22. Bb3 Nf4 23. Re4 h5 24. Qg3 Kg7 25. Bxf4 exf4 26. Rxf4 Rxf4 27.
Qxf4 Rd8 28. Re1 Qd7 29. h3 e5 30. Qe4 Qc7 31. Re3 Qd6 32. Bc2 Rf8 33. Rd3 Qe6
34. Bb3 Qe7 35. Rg3 Qd6 36. Bc2 Rf6 37. b4 a6 38. Rd3 Qe6 39. Bb3 Qe7 40. Qd5
Kh6 41. a4 Qf8 42. Rd2 Rf4 43. Qd6 Qf5 44. Bc2 Qg5 45. Re2 Rf6 46. Qd2 Rf4 47.
Kh2 h4 48. Qe3 Rf6 49. Qxg5+ Kxg5 50. b5 axb5 51. axb5 Na7 52. Rxe5+ Kf4 53.
Re4+ Kg5 54. Rg4+ Kh5 55. f4 Nc8 56. g3 hxg3+ 57. Kxg3 Kh6 58. Rg5 Nd6 59. Rd5
b6 60. Bd3 Nb7 61. Kg4 Nc5 62. Bc2 Ne6 63. f5 gxf5+ 64. Bxf5 Nc5 65. Rd8 Kg7
66. Kg5 Kf7 67. h4 1-0

[Event "Bronshoj Lang Weekend 2012"]
[Site "Bronshoj"]
[Date "2012.02.13"]
[Round "6"]
[White "Nielsen, Thomas (1994)"]
[Black "Jensen, Simon Stibolt"]
[Result "1-0"]
[WhiteElo "1453"]
[BlackElo "1423"]
[PlyCount "133"]
[EventDate "2012.??.??"]
[EventCountry "DEN"]

1. d4 f5 2. e3 Nf6 3. c4 e6 4. Nc3 Bb4 5. Bd2 O-O 6. Qb3 Bxc3 7. Bxc3 Ne4 8.
Bb4 Re8 9. Nf3 d6 10. Nd2 Nxd2 11. Bxd2 c6 12. Bd3 Nd7 13. Rc1 Nf6 14. O-O d5
15. cxd5 exd5 16. f3 Qd6 17. Rfe1 Kh8 18. Qc2 g6 19. Re2 Re6 20. Rce1 Qe7 21.
Bc3 Bd7 22. e4 fxe4 23. fxe4 dxe4 24. Bxe4 Nd5 25. Bxd5 cxd5 26. Rxe6 Bxe6 27.
Qe2 Re8 28. Rf1 Bf5 29. Qe5+ Qxe5 30. dxe5 Re6 31. Bd4 a6 32. Rc1 Rc6 33. Rxc6
bxc6 34. e6+ Kg8 35. e7 Kf7 36. Bc5 Bd7 37. Kf2 Ke6 38. Ke3 Ke5 39. b4 Be8 40.
g3 g5 41. h4 gxh4 42. gxh4 h5 43. a3 Bd7 44. Bb6 Be8 45. a4 Bd7 46. a5 Be8 47.
Kf3 d4 48. Bc7+ Kd5 49. Bb6 Kc4 50. Ke4 d3 51. Be3 Kc3 52. Ke5 d2 53. Bxd2+
Kxd2 54. Kd6 Kc3 55. Kc5 Bd7 56. Kb6 Kxb4 57. Kxa6 c5 58. Kb6 c4 59. a6 c3 60.
a7 c2 61. a8=Q c1=Q 62. Qa5+ Kb3 63. Qd5+ Kb4 64. Qxd7 Qc5+ 65. Kb7 Ka5 66.
Qd8+ Kb4 67. e8=Q 1-0

[Event "Bronshoj Lang Weekend 2012"]
[Site "Bronshoj"]
[Date "2012.02.13"]
[Round "6"]
[White "Nohr, Finn"]
[Black "Nielsen, Steen Gregers"]
[Result "1/2-1/2"]
[WhiteElo "2081"]
[BlackElo "1688"]
[PlyCount "88"]
[EventDate "2012.??.??"]
[EventCountry "DEN"]

1. e4 c5 2. c3 g6 3. Nf3 Bg7 4. d4 cxd4 5. cxd4 d5 6. e5 Bg4 7. Be2 e6 8. O-O
Ne7 9. Nbd2 Nbc6 10. h3 Bxf3 11. Nxf3 Qb6 12. b3 Rc8 13. g4 f6 14. exf6 Bxf6
15. Bb2 h5 16. Kg2 hxg4 17. hxg4 Kd7 18. Qd2 g5 19. Bd3 Rcg8 20. Rh1 Kc8 21.
Qe3 Nd8 22. Ne5 Bxe5 23. Qxe5 Nec6 24. Qxh8 Rxh8 25. Rxh8 Qb4 26. Rd1 Qd6 27.
f3 Qf4 28. Bb5 Qf6 29. Rg8 Qf7 30. Rxg5 Qf4 31. Rg8 Qh6 32. Bxc6 bxc6 33. Ba3
Qh7 34. Rxd8+ Kxd8 35. Rc1 Kd7 36. Bc5 Qd3 37. Kg3 Qe3 38. Rh1 e5 39. Rh7+ Kc8
40. Rh8+ Kd7 41. Rh7+ Kc8 42. Rh8+ Kd7 43. Rh7+ Kc8 44. Rh8+ Kd7 1/2-1/2

[Event "Bronshoj Lang Weekend 2012"]
[Site "Bronshoj"]
[Date "2012.02.13"]
[Round "6"]
[White "Pedersen, Jan Nordenbaek"]
[Black "Bromann, Thorbjorn"]
[Result "0-1"]
[WhiteElo "2225"]
[BlackElo "2370"]
[PlyCount "84"]
[EventDate "2012.??.??"]
[EventCountry "DEN"]

1. d4 d5 2. c4 c6 3. Nf3 Nf6 4. e3 g6 5. Nc3 Bg7 6. Qb3 O-O 7. Bd2 a6 8. a4
dxc4 9. Bxc4 Nbd7 10. a5 Ne8 11. Bxf7+ Rxf7 12. Ng5 e6 13. Nce4 Nf8 14. Nxf7
Kxf7 15. f4 Qd5 16. Qc2 Nd6 17. Nxd6+ Qxd6 18. O-O Bd7 19. b4 Be8 20. Rad1 Rd8
21. Bc3 Qd5 22. e4 Qc4 23. Qb2 Kg8 24. g4 e5 25. fxe5 Ne6 26. h4 g5 27. h5 Nf4
28. Rd2 Qe6 29. Qa2 Qxa2 30. Rxa2 Bd7 31. Rxf4 gxf4 32. Rg2 Be6 33. Kf2 Bc4 34.
g5 Bf7 35. Rh2 Bb3 36. Rh4 f3 37. h6 Bf8 38. Kxf3 Be7 39. Rh1 Rf8+ 40. Ke2 Bc4+
41. Ke1 Bd3 42. Rh4 Rf1+ 0-1

[Event "Bronshoj Lang Weekend 2012"]
[Site "Bronshoj"]
[Date "2012.02.13"]
[Round "6"]
[White "Palm, Nikolaj"]
[Black "Strange, Mikkel"]
[Result "1-0"]
[WhiteElo "2217"]
[BlackElo "2314"]
[PlyCount "49"]
[EventDate "2012.??.??"]
[EventCountry "DEN"]

1. d4 f5 2. Nf3 Nf6 3. c4 e6 4. Nc3 c6 5. Qc2 d5 6. Bg5 Be7 7. e3 a6 8. Bd3 b5
9. b3 Nbd7 10. O-O h6 11. Bf4 Ng4 12. cxd5 cxd5 13. Nxd5 Kf7 14. Nc7 g5 15. Bg3
f4 16. exf4 Bb7 17. Bg6+ Kg8 18. Nxe6 Qb6 19. Qf5 Ngf6 20. fxg5 Be4 21. gxf6
Nxf6 22. Qe5 Bxg6 23. Nf4 Bd6 24. Qxf6 Bxf4 25. Qxb6 1-0